[Event "DEM U12 2019"]
[Site "Willingen GER"]
[Date "2019.06.12"]
[Round "6"]
[White "Kempe, Caius Emilian"]
[Black "Tomasjan, Samuel"]
[Result "1-0"]
[Termination "normal"]
[Board "6"]
[WhiteElo "1766"]
[BlackElo "1476"]
[WhiteClock "00:41:20"]
[BlackClock "00:01:03"]
[PlyCount "73"]
[WhiteFideId "16246861"]
[BlackFideId "16235584"]
[EventCountry "GER"]
[EventRounds "9"]
[EventType "swiss"]
[EventDate "2019.06.08"]

1. e4 {[%clk 1:30:56]} 1... e6 {[%clk 1:30:54]} 2. Nc3 {[%clk 1:30:53]} 2... d5
{[%clk 1:30:44]} 3. Nf3 {[%clk 1:30:56]} 3... dxe4 {[%clk 1:30:59]} 4. Nxe4 {
[%clk 1:31:07]} 4... Nd7 {[%clk 1:31:23]} 5. d4 {[%clk 1:29:41]} 5... Ngf6 {
[%clk 1:31:48]} 6. Nc3 {[%clk 1:24:59]} 6... Bb4 {[%clk 1:25:24]} 7. a3 { [%clk
1:20:02]} 7... Bxc3+ {[%clk 1:25:24]} 8. bxc3 {[%clk 1:20:02]} 8... b6 { [%clk
1:25:24]} 9. Be2 {[%clk 1:20:02]} 9... Bb7 {[%clk 1:25:24]} 10. O-O { [%clk
1:20:02]} 10... O-O {[%clk 1:21:46]} 11. Bg5 {[%clk 1:18:48]} 11... Qe8 { [%clk
1:17:03]} 12. Bf4 {[%clk 1:14:46]} 12... Qc8 {[%clk 1:10:32]} 13. Ne5 { [%clk
1:14:46]} 13... Nxe5 {[%clk 1:10:32]} 14. Bxe5 {[%clk 1:14:46]} 14... Ne4
{[%clk 1:10:32]} 15. Qd3 {[%clk 1:14:46]} 15... a5 {[%clk 0:59:35]} 16. a4 {
[%clk 1:10:20]} 16... f5 {[%clk 0:59:35]} 17. Qe3 {[%clk 1:10:20]} 17... Qd8 {
[%clk 0:59:35]} 18. Bc4 {[%clk 1:10:20]} 18... Bd5 {[%clk 0:59:35]} 19. Bb3 {
[%clk 1:10:20]} 19... f4 {[%clk 0:59:35]} 20. Bxf4 {[%clk 1:10:20]} 20... Nxc3
{[%clk 0:59:35]} 21. Be5 {[%clk 1:10:20]} 21... Ne4 {[%clk 0:59:35]} 22. c4 {
[%clk 1:10:20]} 22... Bb7 {[%clk 0:59:35]} 23. d5 {[%clk 1:10:20]} 23... exd5 {
[%clk 0:59:35]} 24. cxd5 {[%clk 1:10:20]} 24... Nd6 {[%clk 0:59:35]} 25. Qg3 {
[%clk 1:10:20]} 25... Qd7 {[%clk 0:59:35]} 26. Rac1 {[%clk 1:10:20]} 26... Kh8
{[%clk 0:59:35]} 27. Rxc7 {[%clk 1:10:20]} 27... Qxc7 {[%clk 0:59:35]} 28. Bxd6
{[%clk 1:10:20]} 28... Qd7 {[%clk 0:59:35]} 29. Bxf8 {[%clk 1:10:20]} 29...
Rxf8 {[%clk 0:59:35]} 30. Rd1 {[%clk 1:10:20]} 30... b5 31. axb5 { [%clk
0:46:56]} 31... Qxb5 {[%clk 0:07:18]} 32. d6 {[%clk 0:46:43]} 32... Bc6 { [%clk
0:05:21]} 33. d7 {[%clk 0:42:00]} 33... Bxd7 {[%clk 0:03:57]} 34. Qd6 { [%clk
0:42:27]} 34... Rb8 {[%clk 0:03:56]} 35. Ba4 {[%clk 0:40:42]} 35... Qxa4 {[%clk
0:00:39]} 36. Qxb8+ {[%clk 0:41:05]} 36... Be8 {[%clk 0:01:03]} 37. Re1 {[%clk
0:41:20]} 1-0

[Event "DEM U12 2019"]
[Site "Willingen GER"]
[Date "2019.06.12"]
[Round "6"]
[White "Reichmann, Felix"]
[Black "Hecht, Jonas Christian"]
[Result "1-0"]
[Termination "normal"]
[Board "7"]
[WhiteElo "1725"]
[BlackElo "1726"]
[WhiteClock "00:46:48"]
[BlackClock "00:39:49"]
[PlyCount "43"]
[WhiteFideId "16238290"]
[BlackFideId "16214846"]
[EventCountry "GER"]
[EventRounds "9"]
[EventType "swiss"]
[EventDate "2019.06.08"]

1. c4 {[%clk 1:30:58]} 1... f5 {[%clk 1:30:48]} 2. g3 {[%clk 1:31:12]} 2... Nf6
{[%clk 1:31:12]} 3. Bg2 {[%clk 1:31:38]} 3... g6 {[%clk 1:31:30]} 4. Nc3 {
[%clk 1:32:00]} 4... Bg7 {[%clk 1:31:55]} 5. d3 {[%clk 1:32:05]} 5... O-O {
[%clk 1:29:42]} 6. e3 {[%clk 1:32:26]} 6... d6 {[%clk 1:29:24]} 7. Nge2 { [%clk
1:32:50]} 7... Nc6 {[%clk 1:29:27]} 8. O-O {[%clk 1:33:10]} 8... e5 { [%clk
1:29:32]} 9. f4 {[%clk 1:33:24]} 9... Qe8 {[%clk 1:28:01]} 10. Nd5 { [%clk
1:30:58]} 10... Nxd5 {[%clk 1:22:00]} 11. cxd5 {[%clk 1:30:05]} 11... Ne7
{[%clk 1:21:48]} 12. Qb3 {[%clk 1:29:20]} 12... Kh8 {[%clk 1:19:52]} 13. Bd2 {
[%clk 1:28:51]} 13... c6 {[%clk 1:08:55]} 14. dxc6 {[%clk 1:14:21]} 14... Nxc6
{[%clk 1:09:01]} 15. Rfe1 {[%clk 1:14:12]} 15... Rb8 {[%clk 0:56:19]} 16. Qa3 {
[%clk 1:07:27]} 16... Qd7 {[%clk 0:50:41]} 17. Rac1 {[%clk 1:06:59]} 17... Re8
{[%clk 0:48:54]} 18. b4 {[%clk 1:06:31]} 18... Ra8 {[%clk 0:47:13]} 19. b5 {
[%clk 0:58:59]} 19... Nd8 {[%clk 0:44:55]} 20. b6 {[%clk 0:59:11]} 20... Nc6 {
[%clk 0:45:13]} 21. Nc3 {[%clk 0:53:25]} 21... Ne7 {[%clk 0:39:49]} 22. Qxa7 {
[%clk 0:46:48]} 1-0

[Event "DEM U12 2019"]
[Site "Willingen GER"]
[Date "2019.06.12"]
[Round "6"]
[White "Deuer, Marius"]
[Black "Zweigait, Leon"]
[Result "1-0"]
[Termination "normal"]
[Board "8"]
[WhiteElo "1961"]
[BlackElo "1474"]
[WhiteClock "00:38:14"]
[BlackClock "00:59:39"]
[PlyCount "45"]
[WhiteFideId "16236432"]
[BlackFideId "16201388"]
[EventCountry "GER"]
[EventRounds "9"]
[EventType "swiss"]
[EventDate "2019.06.08"]

1. e4 {[%clk 1:30:58]} 1... d5 {[%clk 1:31:00]} 2. exd5 {[%clk 1:31:21]} 2...
Nf6 {[%clk 1:31:24]} 3. Nf3 {[%clk 1:31:12]} 3... Qxd5 {[%clk 1:31:44]} 4. d4 {
[%clk 1:27:19]} 4... Bg4 {[%clk 1:31:55]} 5. Be2 {[%clk 1:26:48]} 5... Nc6 {
[%clk 1:32:10]} 6. O-O {[%clk 1:25:08]} 6... O-O-O {[%clk 1:32:20]} 7. Be3 {
[%clk 1:20:10]} 7... Qd6 {[%clk 1:32:26]} 8. c3 {[%clk 1:15:54]} 8... Bxf3 {
[%clk 1:29:32]} 9. Bxf3 {[%clk 1:12:56]} 9... e5 {[%clk 1:29:54]} 10. Qb3 {
[%clk 1:08:05]} 10... Nd5 11. Nd2 {[%clk 1:01:35]} 11... exd4 {[%clk 1:23:30]}
12. cxd4 {[%clk 1:01:22]} 12... Be7 {[%clk 1:16:52]} 13. Nc4 {[%clk 0:53:07]}
13... Qb4 {[%clk 1:16:44]} 14. Qd3 {[%clk 0:51:05]} 14... g6 {[%clk 1:08:18]}
15. a3 {[%clk 0:48:39]} 15... Qa4 {[%clk 1:08:37]} 16. b3 {[%clk 0:42:24]}
16... Qa6 {[%clk 1:08:58]} 17. b4 {[%clk 0:42:22]} 17... Nb6 {[%clk 1:01:48]}
18. b5 {[%clk 0:41:36]} 18... Nxd4 {[%clk 1:00:59]} 19. Bg4+ {[%clk 0:39:41]}
19... f5 {[%clk 1:00:10]} 20. bxa6 {[%clk 0:38:03]} 20... Nf3+ {[%clk 0:59:47]}
21. Bxf3 {[%clk 0:38:27]} 21... Rxd3 {[%clk 1:00:09]} 22. axb7+ {[%clk 0:38:27]
} 22... Kb8 {[%clk 0:59:39]} 23. Ne5 {[%clk 0:38:14]} 1-0

[Event "DEM U12 2019"]
[Site "Willingen GER"]
[Date "2019.06.12"]
[Round "6"]
[White "von Mettenheim, Johannes"]
[Black "Breitkopf-Lazar, Patrick-Robert"]
[Result "1/2-1/2"]
[Termination "normal"]
[Board "9"]
[WhiteElo "1757"]
[BlackElo "1659"]
[WhiteClock "00:51:01"]
[BlackClock "00:16:30"]
[PlyCount "85"]
[WhiteFideId "16244818"]
[BlackFideId "16213742"]
[EventCountry "GER"]
[EventRounds "9"]
[EventType "swiss"]
[EventDate "2019.06.08"]

1. d4 {[%clk 1:30:59]} 1... Nf6 {[%clk 1:30:56]} 2. c4 {[%clk 1:31:28]} 2... e6
{[%clk 1:31:21]} 3. Nc3 {[%clk 1:31:55]} 3... d5 {[%clk 1:31:47]} 4. Bg5 {
[%clk 1:32:20]} 4... Be7 {[%clk 1:32:14]} 5. e3 {[%clk 1:32:47]} 5... h6 {
[%clk 1:32:40]} 6. Bh4 {[%clk 1:33:15]} 6... O-O {[%clk 1:33:02]} 7. Nf3 {
[%clk 1:33:40]} 7... Ne4 {[%clk 1:33:27]} 8. Bxe7 {[%clk 1:34:08]} 8... Qxe7 {
[%clk 1:33:44]} 9. Rc1 {[%clk 1:33:50]} 9... c6 {[%clk 1:33:52]} 10. Bd3 {
[%clk 1:34:13]} 10... Nxc3 {[%clk 1:33:18]} 11. Rxc3 {[%clk 1:34:41]} 11...
dxc4 {[%clk 1:32:01]} 12. Rxc4 {[%clk 1:34:48]} 12... b6 {[%clk 1:27:49]} 13.
O-O {[%clk 1:33:59]} 13... Bb7 {[%clk 1:21:19]} 14. Qe2 {[%clk 1:31:00]} 14...
Nd7 {[%clk 1:19:36]} 15. Rfc1 {[%clk 1:31:07]} 15... Rfc8 {[%clk 1:17:07]} 16.
R4c3 {[%clk 1:28:39]} 16... a5 {[%clk 1:13:42]} 17. Bb1 {[%clk 1:25:35]} 17...
c5 {[%clk 1:09:37]} 18. Qc2 {[%clk 1:25:08]} 18... g6 {[%clk 1:08:54]} 19. dxc5
{[%clk 1:10:15]} 19... Nxc5 {[%clk 1:02:22]} 20. Ne5 {[%clk 1:07:44]} 20... Ne4
{[%clk 0:55:31]} 21. Rc7 {[%clk 1:01:33]} 21... Rxc7 {[%clk 0:55:02]} 22. Qxc7
{[%clk 1:02:00]} 22... Rc8 {[%clk 0:55:18]} 23. Qxc8+ {[%clk 1:02:12]} 23...
Bxc8 {[%clk 0:55:17]} 24. Rxc8+ {[%clk 1:02:41]} 24... Kg7 {[%clk 0:55:40]} 25.
Bxe4 {[%clk 1:02:55]} 25... Qb4 {[%clk 0:55:16]} 26. Bd3 {[%clk 1:02:22]} 26...
Qxb2 {[%clk 0:55:16]} 27. Nc4 {[%clk 1:02:19]} 27... Qxa2 {[%clk 0:52:21]} 28.
Rb8 {[%clk 0:59:10]} 28... Qa1+ {[%clk 0:50:50]} 29. Bf1 {[%clk 0:59:38]} 29...
a4 {[%clk 0:49:29]} 30. Rxb6 {[%clk 1:00:01]} 30... a3 {[%clk 0:49:37]} 31.
Nxa3 {[%clk 0:59:18]} 31... Qxa3 {[%clk 0:49:58]} 32. Ra6 {[%clk 0:59:07]}
32... Qc1 {[%clk 0:49:14]} 33. Rd6 {[%clk 0:59:24]} 33... g5 {[%clk 0:32:42]}
34. Rd4 {[%clk 0:59:27]} 34... f5 {[%clk 0:31:05]} 35. g3 {[%clk 0:56:04]}
35... e5 {[%clk 0:24:29]} 36. Rd6 {[%clk 0:55:20]} 36... f4 {[%clk 0:23:33]}
37. gxf4 {[%clk 0:55:39]} 37... gxf4 {[%clk 0:23:48]} 38. exf4 {[%clk 0:56:08]}
38... exf4 {[%clk 0:24:06]} 39. Rb6 {[%clk 0:53:14]} 39... f3 {[%clk 0:20:34]}
40. Ra6 {[%clk 0:52:07]} 40... Qg5+ {[%clk 0:19:46]} 41. Kh1 {[%clk 0:52:35]}
41... h5 {[%clk 0:19:31]} 42. Rc6 {[%clk 0:52:16]} 42... Qf4 {[%clk 0:16:30]}
43. Kg1 {[%clk 0:51:01]} 1/2-1/2

[Event "DEM U12 2019"]
[Site "Willingen GER"]
[Date "2019.06.12"]
[Round "6"]
[White "Müller, Maximilian"]
[Black "Ohler, Julius"]
[Result "0-1"]
[Termination "normal"]
[Board "10"]
[WhiteElo "1606"]
[BlackElo "1837"]
[WhiteClock "00:27:37"]
[BlackClock "00:19:28"]
[PlyCount "106"]
[WhiteFideId "16243552"]
[BlackFideId "16238982"]
[EventCountry "GER"]
[EventRounds "9"]
[EventType "swiss"]
[EventDate "2019.06.08"]

1. e4 {[%clk 1:30:58]} 1... d5 {[%clk 1:30:56]} 2. exd5 {[%clk 1:31:23]} 2...
Qxd5 {[%clk 1:31:22]} 3. Nc3 {[%clk 1:31:47]} 3... Qd8 {[%clk 1:31:47]} 4. d4 {
[%clk 1:32:12]} 4... g6 {[%clk 1:32:12]} 5. Nf3 {[%clk 1:32:39]} 5... Bg7 {
[%clk 1:32:37]} 6. h3 {[%clk 1:32:59]} 6... Nh6 {[%clk 1:33:00]} 7. Bc4 { [%clk
1:30:58]} 7... Nf5 {[%clk 1:32:48]} 8. Be3 {[%clk 1:31:00]} 8... O-O { [%clk
1:33:04]} 9. O-O {[%clk 1:30:07]} 9... Nc6 {[%clk 1:31:14]} 10. d5 { [%clk
1:28:56]} 10... Na5 {[%clk 1:30:49]} 11. Bb3 {[%clk 1:23:30]} 11... Nxb3 12.
axb3 {[%clk 1:22:35]} 12... a6 {[%clk 1:14:51]} 13. Bc5 {[%clk 1:17:56]} 13...
b6 {[%clk 1:13:11]} 14. Ba3 {[%clk 1:17:38]} 14... Bb7 {[%clk 1:12:04]} 15. Re1
{[%clk 1:17:09]} 15... Bxc3 {[%clk 1:03:02]} 16. bxc3 {[%clk 1:17:24]} 16...
Bxd5 {[%clk 1:02:57]} 17. Qe2 {[%clk 1:16:29]} 17... Bxf3 {[%clk 0:59:50] } 18.
Qxf3 {[%clk 1:16:27]} 18... c5 {[%clk 0:58:50]} 19. Rad1 {[%clk 1:12:37]} 19...
Qc7 {[%clk 0:58:09]} 20. Bb2 {[%clk 1:12:20]} 20... Rad8 {[%clk 0:56:35]} 21.
Rxd8 {[%clk 1:11:34]} 21... Rxd8 {[%clk 0:56:02]} 22. c4 {[%clk 1:09:27]} 22...
Nd4 {[%clk 0:54:36]} 23. Qe4 {[%clk 1:08:23]} 23... e6 {[%clk 0:53:43]} 24. Rd1
{[%clk 0:56:58]} 24... e5 {[%clk 0:36:10]} 25. Bxd4 {[%clk 0:49:59]} 25... exd4
{[%clk 0:32:26]} 26. Re1 {[%clk 0:47:08]} 26... b5 {[%clk 0:31:33]} 27. Qd3
{[%clk 0:47:08]} 27... b4 {[%clk 0:28:49]} 28. Re4 {[%clk 0:44:34]} 28... Qc6
{[%clk 0:28:45]} 29. Qe2 {[%clk 0:43:04]} 29... a5 {[%clk 0:28:00]} 30. Qd3
{[%clk 0:41:37]} 30... a4 {[%clk 0:27:41]} 31. bxa4 {[%clk 0:41:33]} 31... Qxa4
{[%clk 0:25:13]} 32. Re1 {[%clk 0:41:18]} 32... Re8 {[%clk 0:23:53]} 33. Rxe8+
{[%clk 0:40:40]} 33... Qxe8 {[%clk 0:24:10]} 34. g3 {[%clk 0:40:20]} 34... Qe1+
{[%clk 0:23:09]} 35. Kg2 {[%clk 0:40:44]} 35... Qe6 {[%clk 0:21:09]} 36. Qb3
{[%clk 0:38:38]} 36... Kg7 {[%clk 0:21:15]} 37. Qd3 {[%clk 0:38:59]} 37... h6
{[%clk 0:21:14]} 38. Kh2 {[%clk 0:36:27]} 38... Qf5 {[%clk 0:21:28]} 39. Qd2
{[%clk 0:36:26]} 39... Qf3 {[%clk 0:21:16]} 40. Kg1 {[%clk 0:36:10]} 40... b3
{[%clk 0:18:29]} 41. cxb3 {[%clk 0:35:42]} 41... Qxb3 {[%clk 0:18:47]} 42. Qe2
{[%clk 0:36:03]} 42... Qb1+ {[%clk 0:19:11]} 43. Kg2 {[%clk 0:36:29]} 43... Qf5
{[%clk 0:19:32]} 44. h4 {[%clk 0:30:06]} 44... Qe6 {[%clk 0:18:24]} 45. Qxe6
{[%clk 0:25:48]} 45... fxe6 {[%clk 0:18:44]} 46. Kf3 {[%clk 0:26:14]} 46... Kf6
{[%clk 0:18:33]} 47. Kf4 {[%clk 0:26:14]} 47... g5+ {[%clk 0:17:26]} 48. hxg5+
{[%clk 0:26:38]} 48... hxg5+ {[%clk 0:17:50]} 49. Ke4 {[%clk 0:27:04] } 49...
e5 {[%clk 0:18:03]} 50. g4 {[%clk 0:27:30]} 50... Ke6 {[%clk 0:18:19]} 51. Kd3
{[%clk 0:26:54]} 51... Kd6 {[%clk 0:18:40]} 52. Kc2 {[%clk 0:27:14]} 52... e4
{[%clk 0:19:04]} 53. Kd2 {[%clk 0:27:37]} 53... Ke5 {[%clk 0:19:28]} 0-1

[Event "DEM U12 2019"]
[Site "Willingen GER"]
[Date "2019.06.12"]
[Round "6"]
[White "Guo, Philipp Ziming"]
[Black "Bungarten, Jona"]
[Result "1-0"]
[Termination "normal"]
[Board "11"]
[WhiteElo "1674"]
[BlackElo "1642"]
[WhiteClock "00:03:47"]
[BlackClock "00:36:44"]
[PlyCount "137"]
[WhiteFideId "16245199"]
[BlackFideId "16223608"]
[EventCountry "GER"]
[EventRounds "9"]
[EventType "swiss"]
[EventDate "2019.06.08"]

1. e4 {[%clk 1:30:58]} 1... e5 {[%clk 1:30:56]} 2. Nf3 {[%clk 1:31:20]} 2...
Nc6 {[%clk 1:31:16]} 3. c3 {[%clk 1:31:44]} 3... d5 {[%clk 1:31:20]} 4. Qa4 {
[%clk 1:31:57]} 4... f6 {[%clk 1:31:22]} 5. d3 {[%clk 1:32:01]} 5... dxe4 {
[%clk 1:28:51]} 6. dxe4 {[%clk 1:30:55]} 6... Be6 {[%clk 1:28:19]} 7. Bc4 {
[%clk 1:27:55]} 7... Bxc4 {[%clk 1:25:24]} 8. Qxc4 {[%clk 1:28:12]} 8... Qd7 {
[%clk 1:25:08]} 9. O-O {[%clk 1:26:43]} 9... O-O-O {[%clk 1:23:08]} 10. b4 {
[%clk 1:22:06]} 10... g5 {[%clk 1:17:09]} 11. a4 {[%clk 1:18:34]} 11... Qd3 {
[%clk 1:13:04]} 12. Na3 {[%clk 1:10:17]} 12... Bg7 {[%clk 1:08:58]} 13. Bb2 {
[%clk 1:01:13]} 13... h5 {[%clk 1:06:24]} 14. Qxd3 {[%clk 0:58:02]} 14... Rxd3
{[%clk 1:05:53]} 15. Rfd1 {[%clk 0:57:58]} 15... Rxd1+ {[%clk 1:05:25]} 16.
Rxd1 {[%clk 0:56:09]} 16... Nge7 {[%clk 1:03:08]} 17. Kf1 {[%clk 0:52:01]}
17... h4 {[%clk 1:01:14]} 18. h3 {[%clk 0:50:39]} 18... Ng6 {[%clk 0:59:32]}
19. Ng1 {[%clk 0:44:49]} 19... Nce7 {[%clk 0:54:54]} 20. Bc1 {[%clk 0:38:43]}
20... Nf4 {[%clk 0:54:20]} 21. Ne2 {[%clk 0:36:45]} 21... f5 {[%clk 0:53:47]}
22. exf5 {[%clk 0:34:08]} 22... Nxf5 {[%clk 0:53:48]} 23. Nxf4 {[%clk 0:31:34]}
23... exf4 {[%clk 0:53:03]} 24. Rd3 {[%clk 0:30:18]} 24... Rd8 {[%clk 0:51:44]}
25. Ke2 {[%clk 0:26:55]} 25... Nd6 {[%clk 0:44:54]} 26. Kf3 {[%clk 0:20:51]}
26... Re8 {[%clk 0:43:40]} 27. c4 {[%clk 0:16:44]} 27... Re1 {[%clk 0:40:56]}
28. Bd2 {[%clk 0:15:11]} 28... Ra1 {[%clk 0:36:41]} 29. c5 {[%clk 0:13:56]}
29... Nf7 {[%clk 0:35:24]} 30. Rb3 {[%clk 0:09:05]} 30... Kd7 {[%clk 0:33:51]}
31. Bc3 {[%clk 0:08:50]} 31... Bxc3 {[%clk 0:33:40]} 32. Rxc3 {[%clk 0:09:19]}
32... Ne5+ {[%clk 0:33:47]} 33. Ke4 {[%clk 0:08:22]} 33... Ke6 {[%clk 0:33:22]}
34. a5 {[%clk 0:04:21]} 34... c6 {[%clk 0:32:50]} 35. Nc2 {[%clk 0:04:30]}
35... Rg1 {[%clk 0:32:42]} 36. Nd4+ {[%clk 0:03:20]} 36... Kf6 {[%clk 0:33:01]}
37. Nf3 {[%clk 0:02:34]} 37... Nxf3 {[%clk 0:33:22]} 38. Kxf3 {[%clk 0:03:00]}
38... Ke5 {[%clk 0:33:01]} 39. Rc4 {[%clk 0:02:11]} 39... Kd5 {[%clk 0:33:15]}
40. Rc2 {[%clk 0:00:53]} 40... Kd4 {[%clk 0:33:16]} 41. Re2 {[%clk 0:00:50]}
41... Rb1 {[%clk 0:32:27]} 42. Kg4 {[%clk 0:29:32]} 42... Rxb4 {[%clk 1:02:42]}
43. Kxg5 {[%clk 0:29:39]} 43... Kxc5 44. Rc2+ {[%clk 0:28:38]} 44... Kb5 {
[%clk 1:00:45]} 45. Kxh4 {[%clk 0:28:43]} 45... f3+ {[%clk 1:00:55]} 46. g4 {
[%clk 0:29:01]} 46... Rb1 {[%clk 0:56:16]} 47. g5 {[%clk 0:24:18]} 47... c5 {
[%clk 0:55:45]} 48. g6 {[%clk 0:20:39]} 48... c4 {[%clk 0:55:07]} 49. Kg5 {
[%clk 0:17:59]} 49... Rg1+ {[%clk 0:54:01]} 50. Kf6 {[%clk 0:17:53]} 50... Kb4
{[%clk 0:52:38]} 51. h4 {[%clk 0:15:21]} 51... Kb3 {[%clk 0:52:19]} 52. Rd2 {
[%clk 0:14:20]} 52... c3 {[%clk 0:50:39]} 53. Rd3 {[%clk 0:14:29]} 53... Kc4 {
[%clk 0:50:43]} 54. Rxc3+ {[%clk 0:14:20]} 54... Kxc3 {[%clk 0:51:06]} 55. g7 {
[%clk 0:14:08]} 55... Kd2 {[%clk 0:51:22]} 56. h5 {[%clk 0:14:04]} 56... Ke2 {
[%clk 0:49:52]} 57. h6 {[%clk 0:13:50]} 57... Rh1 {[%clk 0:48:56]} 58. g8=Q {
[%clk 0:12:51]} 58... Rxh6+ {[%clk 0:49:17]} 59. Kg5 {[%clk 0:12:59]} 59... Rh2
{[%clk 0:47:48]} 60. Qb8 {[%clk 0:10:19]} 60... Rg2+ {[%clk 0:44:45]} 61. Kf4 {
[%clk 0:09:51]} 61... b6 {[%clk 0:45:06]} 62. Qe5+ {[%clk 0:06:51]} 62... Kf1 {
[%clk 0:41:39]} 63. Kxf3 {[%clk 0:05:20]} 63... Rxf2+ {[%clk 0:41:48]} 64. Kg3
{[%clk 0:05:11]} 64... Rg2+ {[%clk 0:42:07]} 65. Kh3 {[%clk 0:05:23]} 65... Re2
{[%clk 0:38:30]} 66. Qf4+ {[%clk 0:04:32]} 66... Ke1 {[%clk 0:38:29]} 67. a6 {
[%clk 0:03:21]} 67... Ra2 {[%clk 0:36:27]} 68. Qe4+ {[%clk 0:03:25]} 68... Kd1
{[%clk 0:36:44]} 69. Qb1+ {[%clk 0:03:47]} 1-0

[Event "DEM U12 2019"]
[Site "Willingen GER"]
[Date "2019.06.12"]
[Round "6"]
[White "Möller, Maurin"]
[Black "Malchereck, Zion"]
[Result "0-1"]
[Termination "normal"]
[Board "15"]
[WhiteElo "1686"]
[BlackElo "1438"]
[WhiteClock "00:20:31"]
[BlackClock "00:29:37"]
[PlyCount "162"]
[WhiteFideId "16265696"]
[BlackFideId "16269233"]
[EventCountry "GER"]
[EventRounds "9"]
[EventType "swiss"]
[EventDate "2019.06.08"]

1. e4 e5 2. Nf3 Nc6 3. Bc4 Bc5 4. c3 Nf6 5. d3 d6 6. Bb3 h6 7. h3 O-O 8. O-O a6
9. Re1 Re8 10. Nbd2 Ne7 11. d4 exd4 12. cxd4 Ba7 13. Nf1 Ng6 14. Ng3 b5 15. Qc2
Bb7 16. a3 {[%clk 1:14:58]} 16... Rc8 {[%clk 1:23:04]} 17. Bd2 {[%clk 1:01:45]}
17... c5 {[%clk 1:21:09]} 18. d5 {[%clk 1:00:51]} 18... c4 {[%clk 1:17:44]} 19.
Ba2 {[%clk 0:58:22]} 19... Bc5 {[%clk 1:16:14]} 20. Bb1 {[%clk 0:37:04]} 20...
Nd7 {[%clk 1:04:42]} 21. Qc3 21... f6 {[%clk 0:57:50]} 22. Nf5 {[%clk 0:29:33]}
22... Nde5 {[%clk 0:56:20]} 23. Nxe5 {[%clk 0:27:01]} 23... fxe5 { [%clk
0:54:02]} 24. Qg3 {[%clk 0:26:51]} 24... Qf6 {[%clk 0:52:57]} 25. h4 { [%clk
0:23:26]} 25... Kf7 {[%clk 0:48:57]} 26. Bc2 {[%clk 0:19:01]} 26... Ra8 { [%clk
0:45:39]} 27. Bd1 {[%clk 0:19:02]} 27... Bxd5 {[%clk 0:43:24]} 28. Nxh6+ {[%clk
0:18:51]} 28... gxh6 {[%clk 0:43:16]} 29. exd5 {[%clk 0:19:10]} 29... Nxh4
{[%clk 0:39:59]} 30. Bh5+ {[%clk 0:19:03]} 30... Ke7 {[%clk 0:39:47]} 31. Bxe8
{[%clk 0:19:16]} 31... Rxe8 {[%clk 0:40:11]} 32. Be3 {[%clk 0:18:13]} 32...
Bxe3 {[%clk 0:39:31]} 33. fxe3 {[%clk 0:18:01]} 33... Nf5 {[%clk 0:39:30] } 34.
Qh3 {[%clk 0:17:55]} 34... Qg5 {[%clk 0:38:36]} 35. Re2 {[%clk 0:17:29]} 35...
Kd8 {[%clk 0:35:59]} 36. Kh2 {[%clk 0:14:38]} 36... Rg8 {[%clk 0:34:54]} 37.
Rf1 {[%clk 0:14:44]} 37... Qg3+ 38. Qxg3 {[%clk 0:13:43]} 38... Nxg3 { [%clk
0:35:16]} 39. Ref2 {[%clk 0:13:46]} 39... Nxf1+ {[%clk 0:35:04]} 40. Rxf1
{[%clk 0:14:07]} 40... Ke7 {[%clk 0:35:21]} 41. Rf2 {[%clk 0:13:53]} 41... Rc8
{[%clk 0:34:40]} 42. Rc2 {[%clk 0:12:34]} 42... Kf6 {[%clk 0:34:17]} 43. e4 {
[%clk 0:12:47]} 43... Kg5 {[%clk 0:33:47]} 44. Kg3 {[%clk 0:13:04]} 44... Rf8 {
[%clk 0:33:09]} 45. Rc1 {[%clk 0:12:46]} 45... h5 {[%clk 0:33:26]} 46. Rh1 {
[%clk 0:12:53]} 46... Rf4 {[%clk 0:33:27]} 47. Re1 {[%clk 0:12:59]} 47... h4+ {
[%clk 0:33:42]} 48. Kh3 {[%clk 0:12:30]} 48... Rg4 {[%clk 0:34:03]} 49. Re2 {
[%clk 0:11:14]} 49... Rg3+ {[%clk 0:33:49]} 50. Kh2 {[%clk 0:11:34]} 50... Kf4
{[%clk 0:33:32]} 51. Kh1 {[%clk 0:11:52]} 51... Re3 {[%clk 0:31:25]} 52. Rxe3 {
[%clk 0:12:16]} 52... Kxe3 {[%clk 0:31:13]} 53. Kh2 {[%clk 0:12:37]} 53... Kf4
{[%clk 0:29:43]} 54. Kh3 {[%clk 0:13:02]} 54... Kg5 {[%clk 0:29:52]} 55. g3 {
[%clk 0:13:23]} 55... hxg3 {[%clk 0:29:55]} 56. Kxg3 {[%clk 0:13:48]} 56... a5
{[%clk 0:30:20]} 57. Kf3 {[%clk 0:14:15]} 57... Kh4 {[%clk 0:30:18]} 58. Ke3 {
[%clk 0:14:37]} 58... Kg3 {[%clk 0:30:25]} 59. Kd2 {[%clk 0:14:42]} 59... Kf3 {
[%clk 0:30:37]} 60. Kc3 {[%clk 0:15:03]} 60... Kxe4 {[%clk 0:30:46]} 61. a4 {
[%clk 0:15:14]} 61... Kxd5 {[%clk 0:29:36]} 62. axb5 {[%clk 0:15:40]} 62... Kc5
{[%clk 0:28:58]} 63. b6 {[%clk 0:14:53]} 63... Kxb6 {[%clk 0:29:14]} 64. Kxc4 {
[%clk 0:15:19]} 64... Kc6 {[%clk 0:29:36]} 65. b3 {[%clk 0:15:43]} 65... d5+ {
[%clk 0:29:58]} 66. Kd3 {[%clk 0:16:07]} 66... Kc5 {[%clk 0:30:11]} 67. Kc3 {
[%clk 0:16:27]} 67... e4 {[%clk 0:29:54]} 68. Kc2 {[%clk 0:16:40]} 68... Kb4 {
[%clk 0:30:17]} 69. Kb2 {[%clk 0:17:04]} 69... d4 {[%clk 0:30:39]} 70. Kc2 {
[%clk 0:17:30]} 70... e3 {[%clk 0:30:39]} 71. Kd3 {[%clk 0:17:32]} 71... Kxb3 {
[%clk 0:30:52]} 72. Kxd4 {[%clk 0:17:52]} 72... e2 {[%clk 0:30:43]} 73. Kc5 {
[%clk 0:18:17]} 73... e1=Q 74. Kd5 74... Qh4 {[%clk 0:30:07]} 75. Ke5 { [%clk
0:18:38]} 75... Kc4 {[%clk 0:30:23]} 76. Kf5 {[%clk 0:18:56]} 76... Kd5 { [%clk
0:30:19]} 77. Kg6 {[%clk 0:19:18]} 77... Qf4 {[%clk 0:30:34]} 78. Kh5 { [%clk
0:19:38]} 78... Qg3 {[%clk 0:30:35]} 79. Kh6 {[%clk 0:20:01]} 79... Ke6 { [%clk
0:30:20]} 80. Kh5 {[%clk 0:20:12]} 80... Kf5 {[%clk 0:30:29]} 81. Kh6 { [%clk
0:20:31]} 81... Qg6# {[%clk 0:29:37]} 0-1

[Event "DEM U12 2019"]
[Site "Willingen GER"]
[Date "2019.06.12"]
[Round "6"]
[White "Walter, Alexander"]
[Black "Bock, Marlon"]
[Result "1/2-1/2"]
[Termination "normal"]
[Board "16"]
[WhiteElo "1642"]
[BlackElo "1596"]
[PlyCount "48"]
[WhiteFideId "16227620"]
[BlackFideId "16244931"]
[EventCountry "GER"]
[EventRounds "9"]
[EventType "swiss"]
[EventDate "2019.06.08"]

1. e4 e5 2. Nf3 Nc6 3. Bc4 Bc5 4. c3 Nf6 5. d4 exd4 6. cxd4 Bb4+ 7. Bd2 Bxd2+
8. Nbxd2 d5 9. exd5 Nxd5 10. O-O O-O 11. Ne5 Nce7 12. Ndf3 c6 13. Bb3 h6 14.
Rc1 Bf5 15. Bc2 Qc8 16. Bxf5 Qxf5 17. Re1 Rfe8 18. Qd3 Rad8 19. Rcd1 Kf8 20.
Qxf5 Nxf5 21. Nd3 Nd6 22. Rxe8+ Rxe8 23. Kf1 f6 24. Re1 Re7 1/2-1/2